[Event "SWE-ch op"]
[Site "Gotland"]
[Date "1997.??.??"]
[Round "1"]
[White "Ohlzon, Nils Johan"]
[Black "Sandstrom, Ludvig"]
[Result "0-1"]
[WhiteElo "2090"]
[BlackElo "2345"]

1.d4 Nf6 2.Bg5 Ne4 3.h4 c5 4.d5 Qb6 5.Qc1 c4 6.e3 Qa5+ 7.Nd2 c3 8.Nc4 cxb2+
9.Nxa5 bxc1=Q+ 10.Rxc1 e6 11.Nb3 Ba3 12.dxe6 fxe6 13.Bd3 Nxg5 14.hxg5 Bxc1
15.Nxc1 h6 16.Nge2 Nc6 17.Nf4 Ne5 18.Nh5 Kf7 19.Ng3 d6 20.Rh4 Bd7 21.Rf4+ Ke7
22.g6 Be8 23.Rb4 b6 24.Nh5 Nxd3+ 25.cxd3 Bxg6 26.Nf4 Bf7 27.Rb2 Rac8 28.Kd2 Rc7  0-1

[Event "Haarlem op"]
[Site "Haarlem"]
[Date "1997.??.??"]
[Round "6"]
[White "Ye Rongguang"]
[Black "Szekely, Peter"]
[Result "0-1"]
[WhiteElo "2525"]
[BlackElo "2455"]

1.d4 Nf6 2.Bg5 Ne4 3.Bf4 d5 4.f3 Nf6 5.c4 g6 6.Nc3 Bg7 7.e4 dxe4 8.fxe4 O-O
9.Nf3 Bg4 10.Qd2 Nfd7 11.Nd5 c6 12.Bc7 Qe8 13.Ne3 Bxf3 14.gxf3 Na6 15.Ba5 c5
16.d5 Qb8 17.Rg1 Qf4 18.Rg3 Nb4 19.Nd1 Qh4 20.a3 Ne5 21.Qg2 Nxf3+ 22.Qxf3 Nc2+
23.Kd2 Nxa1 24.Kc1 f5 25.Bg2 fxe4 26.Qxe4 Qxe4 27.Bxe4 Rf4 28.Bg2 Raf8 29.Bc7 Rxc4+
30.Kb1 Rd4 31.Nc3 Nb3 32.Nb5 Rd2  0-1

[Event "Hafnarfjordur"]
[Site "Hafnarfjordur"]
[Date "1997.??.??"]
[Round "8"]
[White "Hall, Jesper"]
[Black "Jensson, Einar Hjalti"]
[Result "1-0"]
[WhiteElo "2460"]
[BlackElo "2225"]

1.d4 Nf6 2.Bg5 Ne4 3.Bf4 d5 4.f3 Nd6 5.Nc3 e6 6.e4 c6 7.Qd2 Nd7 8.Bd3 Be7
9.Nge2 b5 10.O-O Nb6 11.b3 O-O 12.e5 Nf5 13.g4 Nh4 14.Bg3 a5 15.f4 g6 16.Kh1 Kg7
17.Qe3 h6 18.Rg1 Nc4 19.bxc4 bxc4 20.Bxh4 Bxh4 21.g5 cxd3 22.cxd3 Rh8 23.Rg4 hxg5
24.fxg5 Rh5 25.Nf4 Rh7 26.Ng2 Qh8 27.Qf4 Bf2 28.Rf1  1-0

[Event "Wichern op"]
[Site "Hamburg"]
[Date "1997.??.??"]
[Round "1"]
[White "Hennig, Dirk"]
[Black "Gara, Ticia"]
[Result "1-0"]
[WhiteElo "2435"]
[BlackElo "2175"]

1.d4 Nf6 2.Bg5 Ne4 3.Bf4 d5 4.e3 e6 5.f3 Nf6 6.c4 c5 7.Nc3 Nc6 8.Nb5 Qa5+
9.Kf2 Kd7 10.a3 cxd4 11.exd4 Qd8 12.Nh3 Nh5 13.cxd5 exd5 14.Qb3 Nxf4 15.Nxf4 Qg5
16.g3 a6 17.h4 Qh6 18.Qxd5+ Bd6 19.Bh3+  1-0

[Event "Wichern op"]
[Site "Hamburg"]
[Date "1997.??.??"]
[Round "1"]
[White "Reddmann, Hauke"]
[Black "Schueler, Hendrik"]
[Result "1/2-1/2"]
[WhiteElo "2315"]
[BlackElo "2130"]

1.d4 Nf6 2.Bg5 Ne4 3.Bf4 c5 4.f3 Nf6 5.dxc5 Nh5 6.Be3 e6 7.c3 Qc7 8.Qd4 d5
9.cxd6 Bxd6 10.Na3 Bd7 11.Nc4 Be7 12.O-O-O O-O 13.g4 Bf6 14.Qe4 Bc6 15.Qc2 Nf4
16.Bc5 Ba4 17.Qxa4 Qxc5 18.e3 Nd5 19.e4 Ne3 20.Nxe3 Qxe3+ 21.Kb1 Na6 22.Bxa6 bxa6
23.Qc2 Rfd8 24.Ne2 Qxf3 25.Rdf1 Qe3 26.Rd1 Qf3 27.Rdf1 Qe3 28.Rd1  1/2-1/2

[Event "Wichern op"]
[Site "Hamburg"]
[Date "1997.??.??"]
[Round "1"]
[White "Fraas, Henning"]
[Black "Van Riemsdijk, Herman C"]
[Result "1/2-1/2"]
[WhiteElo "2165"]
[BlackElo "2400"]

1.d4 Nf6 2.Bg5 Ne4 3.Bf4 d5 4.e3 Bf5 5.Bd3 e6 6.Nf3 Bd6 7.Bg3 Nd7 8.Nh4 Nxg3
9.hxg3 Bxd3 10.Qxd3 c5 11.O-O g5 12.Nf3 g4 13.Nh2 c4 14.Qe2 f5 15.e4 dxe4
16.Qxc4 Qf6 17.Nc3 O-O 18.Rfe1 Nb6 19.Qb3 Rac8 20.Nxg4 fxg4 21.Nxe4 Qe7 22.Nxd6 Qxd6
23.Rxe6 Qxd4 24.Re4+ Qd5 25.Rxg4+ Kh8 26.Qxd5 Nxd5 27.Rd4 Nf6 28.c3 Rfe8
29.Kf1 Re6 30.Re1 Rxe1+ 31.Kxe1 Kg7 32.f3 Kf7 33.g4 Rc5 34.Kf2 Ke6 35.Ke3 Rg5
36.Kf2 Rg7 37.Rd2 Nd5 38.Rd4 Ne7 39.Re4+ Kd6 40.Rd4+ Ke6 41.Re4+ Kd6 42.Rd4+  1/2-1/2

[Event "SWE-ch"]
[Site "Haninge"]
[Date "1997.??.??"]
[Round "10"]
[White "Jepson, Christian"]
[Black "Sandstrom, Ludvig"]
[Result "0-1"]
[WhiteElo "2380"]
[BlackElo "2345"]

1.d4 Nf6 2.Bg5 Ne4 3.Bf4 c5 4.f3 Qa5+ 5.c3 Nf6 6.Nd2 cxd4 7.Nb3 Qb6 8.Qxd4 Nc6
9.Qxb6 axb6 10.a3 d5 11.e3 e5 12.Bg3 Be6 13.Nc1 Bc5 14.Nd3 Bxe3 15.Nxe5 O-O
16.Ne2 Rfe8 17.Nxc6 bxc6 18.Bf4 Bc5 19.Kd2 Bd7 20.Nd4 Nh5 21.Be3 Bd6 22.g3 Rad8
23.Nc2 c5 24.Bd3 f5 25.Bg5 Rc8 26.f4 h6 27.Bh4 g6 28.Be2 Kf7 29.Bxh5 gxh5
30.Ne3 Be6 31.Rhe1 Bf8 32.Nc2 Bg7 33.Re2 d4 34.cxd4 cxd4 35.Nb4 Bc4 36.Ree1 b5
37.Rac1 Re3 38.Rxe3 dxe3+ 39.Kxe3 Re8+ 40.Kf2 Bd4+ 41.Kg2 Re2+ 42.Kh3 Rxb2
43.Bd8 Rf2 44.Rc2 Be2 45.Rc7+ Ke8 46.Rc2 Bc3 47.Bb6 Bg4+ 48.Kh4 Bf6+  0-1

[Event "Hastings9697"]
[Site "Hastings"]
[Date "1997.??.??"]
[Round "3"]
[White "Conquest, Stuart"]
[Black "Xie Jun"]
[Result "1-0"]
[WhiteElo "2585"]
[BlackElo "2510"]

1.d4 Nf6 2.Bg5 Ne4 3.Bf4 d5 4.e3 Bf5 5.f3 Nf6 6.c4 e6 7.Nc3 c6 8.g4 Bg6 9.h4 h6
10.Qb3 b6 11.Nh3 dxc4 12.Bxc4 Nd5 13.O-O-O Bd6 14.Bxd6 Qxd6 15.e4 Nxc3 16.Qxc3 Nd7
17.h5 Bh7 18.Kb1 O-O-O 19.Ka1 Kb8 20.Nf2 f6 21.Ba6 c5 22.Qa3 Qg3 23.Rhf1 cxd4
24.Nd3 Ne5 25.Rc1 Rhe8 26.Qa4 Re7 27.Qxd4 Red7 28.Qc3  1-0

[Event "Helsinki-Stockholm"]
[Site "Helsinki"]
[Date "1997.??.??"]
[Round "?"]
[White "Hjelm, Niclas"]
[Black "Nouro, Mikael"]
[Result "0-1"]
[WhiteElo "2335"]
[BlackElo "2305"]

1.d4 Nf6 2.Bg5 Ne4 3.Bh4 c5 4.f3 Qa5+ 5.c3 Nf6 6.d5 d6 7.e4 e6 8.dxe6 Bxe6
9.Na3 d5 10.Nb5 Na6 11.e5 Nd7 12.Bg3 Be7 13.f4 O-O 14.Nf3 d4 15.Be2 Nb6 16.b4 cxb4
17.Nbxd4 bxc3 18.O-O Rfd8 19.Qc2 Bc4 20.Nf5 Bc5+ 21.Bf2 Rac8 22.Ng5 g6 23.Bxc4 Nxc4
24.Nh6+ Kg7 25.Nf5+ Kg8 26.Nh6+ Kf8 27.Nhxf7 Rd2 28.Qe4 Rxf2 29.Rxf2 Bxf2+
30.Kh1 Qb6 31.f5 Nd2 32.Qd5 c2 33.Rc1 Nb4 34.Ne6+ Kxf7 35.Ng5+ Kg7 36.Ne6+ Kh8
37.Qxd2 Be3 38.Qd7  0-1

[Event "Helsinki We HSK op"]
[Site "Helsinki"]
[Date "1997.??.??"]
[Round "5"]
[White "Maidla, Vallo"]
[Black "Hartikainen, Markku"]
[Result "1-0"]
[WhiteElo "2380"]
[BlackElo "2255"]

1.d4 Nf6 2.Bg5 Ne4 3.Bh4 c5 4.f3 g5 5.fxe4 gxh4 6.e3 Qb6 7.Nc3 e6 8.Nf3 Bg7
9.e5 d6 10.Bb5+ Bd7 11.Qd3 cxd4 12.exd4 a6 13.Bxd7+ Nxd7 14.exd6 Qxd6 15.O-O-O O-O-O
16.Kb1 Nb6 17.Rhe1 Qb4 18.a3 Qc4 19.Qe4 h3 20.Qg4 Bf8 21.Ne5 Qc7 22.Qxh3 Bd6
23.Rd3 Kb8 24.Qh5 Rhf8 25.Ne4 f6 26.Nxd6 Rxd6 27.Nf3 Nc4 28.Qc5 Rc8 29.Qxc7+ Rxc7
30.Nd2 Nxd2+ 31.Rxd2 e5 32.Red1 exd4 33.Rxd4 Rxd4 34.Rxd4 Re7 35.Rh4 Re1+
36.Ka2 Re2 37.g4 Rxc2 38.Rxh7 Rg2 39.h3 Rg3 40.a4 a5 41.Rh5 Re3 42.Kb1 Kc7
43.Rc5+ Kb6 44.Rc3 Re1+ 45.Kc2 Re2+ 46.Kb3 Rf2 47.Rg3 Rf4 48.h4 f5 49.g5 Rxh4
50.g6 Rh8 51.Kc4 f4 52.Rg5 f3 53.g7 Rg8 54.Kd3 Kc6 55.Ke3 Kd6 56.Kxf3 Ke6
57.Ke4 Kf7 58.Kd5 Rd8+ 59.Kc5 Kg8 60.Kb6 Rd2 61.b3 Rd3 62.Rb5 Rd7 63.Rxa5 Rd3
64.Rb5 Rd7 65.Ka7  1-0

[Event "Highgate Masters"]
[Site "Highgate"]
[Date "1997.??.??"]
[Round "7"]
[White "Houska, Miroslav"]
[Black "Richardson, John R"]
[Result "1-0"]
[WhiteElo "2360"]
[BlackElo "2260"]

1.d4 Nf6 2.Bg5 Ne4 3.Bf4 d5 4.Nd2 Bf5 5.Nxe4 Bxe4 6.e3 e6 7.Nf3 Bd6 8.Bxd6 Qxd6
9.Nd2 Bg6 10.c4 Nc6 11.Be2 dxc4 12.O-O O-O 13.Nxc4 Qd5 14.Rc1 Rad8 15.Qb3 Be4
16.f3 Bg6 17.Rfd1 f5 18.f4 Na5 19.Nxa5 Qxa5 20.Rc5 Qb6 21.Rb5 Qa6 22.Bc4 Qd6
23.Rxb7 a5 24.Rb5 a4 25.Qb4 Qd7 26.Qxa4 c5 27.Qb3 Kh8 28.Rxc5 Bf7 29.Rc1 Rb8
30.Qc3 h6 31.b4 Kh7 32.Be2 g5 33.Rc7 Qd6 34.Bh5 Kg8 35.Bxf7+ Rxf7 36.Rxf7 Kxf7
37.Qc7+ Qxc7 38.Rxc7+ Kf6 39.a3 gxf4 40.exf4 Rd8 41.Rc4  1-0

[Event "HUN-chT2 9798"]
[Site "HUN"]
[Date "1997.??.??"]
[Round "?"]
[White "Supolo, Jozsef"]
[Black "Papista, Akos"]
[Result "1-0"]
[WhiteElo "2230"]
[BlackElo "2240"]

1.d4 Nf6 2.Bg5 Ne4 3.Bf4 c5 4.c3 Qb6 5.Qc2 cxd4 6.cxd4 Nc6 7.e3 d5 8.f3 Qa5+
9.Nc3 Nxc3 10.bxc3 f6 11.Rd1 e5 12.Bg3 g6 13.Bh4 Bg7 14.Qb3 exd4 15.exd4 O-O
16.Kf2 Be6 17.Bd3 Qc7 18.Bg3 Qd7 19.Ne2 Rfc8 20.Rhe1 Na5 21.Qb1 Bf7 22.Qb4 Nc4
23.Rb1 b6 24.Rbd1 Bf8 25.Qb1 Rc6 26.h4 Ba3 27.Qb3 Bd6 28.h5 Kg7 29.hxg6 Bxg3+
30.Nxg3 Bxg6 31.Qb1 Nd6 32.Rh1 Rxc3 33.Nh5+ Kf8 34.Bxg6 hxg6 35.Nf4 Qf5 36.Qxf5 Nxf5
37.Rh8+ Kg7 38.Rxa8 Rc2+ 39.Kg1 Rxa2 40.Re1 g5 41.Nxd5  1-0

[Event "HUN-chT2 9798"]
[Site "HUN"]
[Date "1997.??.??"]
[Round "?"]
[White "Andi, Peter"]
[Black "Demeny, Antal"]
[Result "1/2-1/2"]
[WhiteElo "2230"]
[BlackElo "2210"]

1.d4 Nf6 2.Bg5 Ne4 3.Bf4 d5 4.Nd2 Bf5 5.e3 Nd7 6.Nxe4 Bxe4 7.Nf3 e6 8.Bd3 Nf6
9.O-O Bd6 10.Ne5 O-O 11.Bg5 Bxd3 12.Qxd3 c5 13.c3 Qc7 14.Bxf6 gxf6 15.Ng4 f5
16.Nf6+ Kh8 17.f4 Be7 18.Nh5 Rg8 19.c4 dxc4 20.Qc3 Rg6 21.dxc5+ Kg8 22.Qxc4 Qxc5
23.Qxc5 Bxc5 24.Kf2 Kf8 25.Ng3 Ke7 26.Rfd1 Rgg8 27.Rac1 Bb6 28.Rc2 Rac8  1/2-1/2

[Event "HUN-chT2 9798"]
[Site "HUN"]
[Date "1997.??.??"]
[Round "?"]
[White "Galyas, Miklos"]
[Black "Biro, Andras"]
[Result "1-0"]
[WhiteElo "2265"]
[BlackElo "2300"]

1.d4 Nf6 2.Bg5 Ne4 3.Bf4 d5 4.f3 Nf6 5.e4 dxe4 6.Nc3 e3 7.Bxe3 e6 8.Nge2 Nbd7
9.Qd2 Nb6 10.Nf4 Be7 11.Bd3 Bd7 12.O-O Bc6 13.Ne4 Nbd5 14.Nxd5 Nxd5 15.Bf2 g5
16.Rfe1 h5 17.Rad1 g4 18.c4 Bb4 19.Nc3 Nxc3 20.bxc3 Be7 21.d5 Ba4 22.Bc2 Bxc2
23.Qxc2 gxf3 24.dxe6  1-0

[Event "HUN-chT 9798"]
[Site "Hungary"]
[Date "1997.??.??"]
[Round "?"]
[White "Meszaros, Gyorgy"]
[Black "Pergel, Laszlo"]
[Result "1-0"]
[WhiteElo "2195"]
[BlackElo "2180"]

1.d4 Nf6 2.Bg5 Ne4 3.Bf4 d5 4.f3 Nf6 5.e4 dxe4 6.Nc3 exf3 7.Nxf3 Bg4 8.h3 Bxf3
9.Qxf3 c6 10.O-O-O e6 11.g4 Be7 12.Kb1 Nbd7 13.h4 Nd5 14.Nxd5 cxd5 15.g5 Qb6
16.c4 Qc6 17.cxd5 Qxd5 18.Qxd5 exd5 19.Rc1 f6 20.Bb5 a6 21.Bxd7+ Kxd7 22.Rc7+ Ke6
23.Bd2 Bd6 24.Rxb7 Rab8 25.Rxg7 fxg5 26.hxg5 Kf5 27.Rf7+ Ke4 28.Kc2 Rbc8+
29.Bc3 Bg3 30.Rg1 Rhf8  1-0

[Event "HUN-chT 9798"]
[Site "Hungary"]
[Date "1997.??.??"]
[Round "?"]
[White "Puschmann, Laszlo"]
[Black "Szabo, Zsolt"]
[Result "1-0"]
[WhiteElo "2280"]
[BlackElo "2320"]

1.d4 Nf6 2.Bg5 Ne4 3.Bf4 c5 4.f3 Qa5+ 5.c3 Nf6 6.d5 Qb6 7.b3 e6 8.e4 exd5
9.exd5 d6 10.Bc4 Be7 11.Ne2 O-O 12.O-O Nh5 13.Be3 Nd7 14.g4 Nhf6 15.Ng3 Ne5
16.Be2 Qd8 17.a4 Bd7 18.Ra2 Qc8 19.h3 Ng6 20.Na3 Ne8 21.f4 f5 22.Nc4 Bh4
23.Nh5 Ne7 24.Bf2 Bxf2+ 25.Rxf2 Qc7 26.g5 Nc8 27.Ng3 Qd8 28.Ne3 Nc7 29.Bd3 Ne7
30.c4 Rf7 31.h4 g6 32.h5 Kf8 33.Rh2 Ng8 34.hxg6 hxg6 35.Rh8 Rg7 36.Re2 Re7
37.Qa1 Rf7 38.Ng2 Rg7 39.Nh4 Kf7 40.Kf1 Qf8 41.Bxf5 Bxf5 42.Ngxf5 gxf5 43.g6+ Rxg6
44.Nxg6 Kxg6 45.Rg2+ Kf7 46.Rh7+ Ke8 47.Rxc7 Nf6 48.Rgg7 Qh8 49.Rce7+ Kd8
50.Qxf6 Qh1+ 51.Ke2  1-0

[Event "Isle of Man op"]
[Site "Isle of Man"]
[Date "1997.??.??"]
[Round "8"]
[White "Buckley, Graeme"]
[Black "Cooper, Lawrence"]
[Result "1/2-1/2"]
[WhiteElo "2380"]
[BlackElo "2330"]

1.d4 Nf6 2.Bg5 Ne4 3.Bh4 d5 4.f3 Nf6 5.e4 dxe4 6.Nc3 exf3 7.Nxf3 e6 8.Bd3 Be7
9.Qe2 c6 10.Bxf6 Bxf6 11.O-O-O Nd7 12.g4 Qa5 13.h4 Be7 14.Kb1  1/2-1/2

[Event "World Cities"]
[Site "Jakarta "]
[Date "1997.??.??"]
[Round "2"]
[White "Mooi Osric Kok Onn"]
[Black "Kek Wei Chuan"]
[Result "1-0"]
[WhiteElo "2110"]
[BlackElo "2080"]

1.d4 Nf6 2.Bg5 Ne4 3.Bh4 d5 4.Nd2 Bf5 5.e3 Nd7 6.Bd3 c5 7.Qe2 Qa5 8.dxc5 Nxd2
9.Qxd2 Qxd2+ 10.Kxd2 Bxd3 11.cxd3 Nxc5 12.Rc1 e5 13.Ne2 Ne6 14.a3 Be7 15.Bg3 Bf6
16.Nc3 Rd8 17.Nb5 a6 18.Nc7+ Ke7 19.Nxe6 Kxe6 20.f4 Rc8 21.fxe5 Bxe5 22.Bxe5 Kxe5
23.d4+ Ke6 24.Kd3 f5 25.b4 Rhe8 26.Rhf1 g6 27.a4 Kd6 28.Rc5 Rc6 29.Rfc1 Rec8
30.h4 h5 31.Ke2 b6 32.Rxc6+ Rxc6 33.Rxc6+ Kxc6 34.Kf3 Kd6 35.Kf4 Ke6 36.Kg5 Kf7
37.Kh6 Kf6 38.g3 b5 39.a5 Kf7 40.Kh7 Kf6 41.Kg8 g5 42.Kh7 gxh4 43.gxh4 f4
44.exf4 Kf5 45.Kh6 Kxf4 46.Kxh5 Kf5 47.Kh6 Ke4 48.Kg5 Kxd4 49.h5 Kc4 50.h6 Kxb4
51.h7 Kxa5 52.Kf4 Ka4 53.Ke5 b4 54.Kxd5 b3 55.h8=Q Kb4 56.Qd4+ Ka3 57.Kc4 b2
58.Kc3 b1=Q 59.Qd6+ Ka4 60.Qxa6+  1-0

[Event "Klatovy op-A"]
[Site "Klatovy"]
[Date "1997.??.??"]
[Round "?"]
[White "Majerik, V."]
[Black "Gschwendtner, Stanislav"]
[Result "1-0"]
[WhiteElo "1955"]
[BlackElo "2130"]

1.d4 Nf6 2.Bg5 Ne4 3.h4 c5 4.d5 Qa5+ 5.c3 e6 6.dxe6 dxe6 7.Nd2 Nxd2 8.Qxd2 Nc6
9.O-O-O f6 10.Be3 Qxa2 11.f3 e5 12.Qc2 Be6 13.Qb1 Qa5 14.g4 Bb3 15.Rd2 Rc8
16.Qf5 Qa1+ 17.Qb1 Qxb1+ 18.Kxb1 Na5 19.Bf2 Nc4 20.Rd3 Rc6 21.e4 Be7 22.Ne2 Rb6
23.Nc1 Ba4 24.b4 a5 25.Na2 axb4 26.cxb4 O-O 27.Rd5 Bb3 28.Bxc5 Bxa2+ 29.Kxa2 Bxc5
30.Rxc5 Ra8+ 31.Kb3 Nd2+ 32.Kc3 Nxf3 33.Bc4+ Kf8 34.Rc7 Nd4 35.Rf7+ Ke8 36.Rxg7 Ra3+
37.Kb2 Ra4 38.Bd5 Rbxb4+ 39.Kc3 Nb5+ 40.Kc2 Nd4+ 41.Kc3 Ne2+ 42.Kc2 b5 43.g5 f5
44.Rxh7 Nf4 45.Bf7+ Kf8 46.Bb3 Rxb3 47.Kxb3 fxe4 48.Rc1 Rc4 49.Rxc4 bxc4+
50.Kxc4 e3 51.Kc3 e4 52.Ra7 Ng2 53.Ra2 Nxh4 54.Kd4 Nf3+ 55.Kxe4 Nxg5+ 56.Kxe3 Ke7
57.Kf4 Ne6+ 58.Ke5 Nc5 59.Ra7+ Kd8 60.Kd5 Nd3 61.Ra4 Kc7 62.Rd4 Nf2 63.Ke5 Nh3
64.Rd2 Ng5 65.Rf2 Kc6 66.Rf5 Nh3 67.Ke4 Ng1 68.Ke3 Kd6 69.Rh5  1-0

[Event "Klatovy op-B"]
[Site "Klatovy"]
[Date "1997.??.??"]
[Round "?"]
[White "Horejsi, R."]
[Black "Peniska, P."]
[Result "1-0"]
[WhiteElo "1810"]
[BlackElo "1880"]

1.d4 Nf6 2.Bg5 Ne4 3.Bh4 d5 4.c3 Bf5 5.Qb3 b6 6.e3 c6 7.Nf3 Nd7 8.Nbd2 Ndf6
9.c4 e6 10.Nxe4 Bxe4 11.Ne5 dxc4 12.Qxc4 Qd6 13.f3 Bd5 14.Qc3 c5 15.Bb5+ Kd8
16.Nxf7+  1-0

[Event "RUS-ch (Women) sf"]
[Site "Kolontaevo"]
[Date "1997.??.??"]
[Round "?"]
[White "Gagloshvili, Raissa"]
[Black "Kulish, O."]
[Result "1-0"]
[WhiteElo "2220"]
[BlackElo "2160"]

1.d4 Nf6 2.Bg5 Ne4 3.Bh4 c5 4.f3 g5 5.fxe4 gxh4 6.c3 Qb6 7.Qc2 Nc6 8.d5 Ne5
9.Na3 Bh6 10.Nf3 Ng6 11.Nc4 Qc7 12.a4 b6 13.e5 Ba6 14.Qe4 Bxc4 15.Qxc4 Nxe5
16.Qxh4 Bg7 17.e4 Qd6 18.Ba6 O-O 19.O-O Ng6 20.Qg4 Kh8 21.Rae1 Rg8  1-0

[Event "Cassovia op"]
[Site "Kosice"]
[Date "1997.??.??"]
[Round "?"]
[White "Jirovsky, Pavel"]
[Black "Krivoshey, Sergei"]
[Result "1/2-1/2"]
[WhiteElo "2355"]
[BlackElo "2450"]

1.d4 Nf6 2.Bg5 Ne4 3.h4 c5 4.dxc5 Qa5+ 5.Nd2 Nxg5 6.hxg5 g6 7.Nf3 Bg7 8.c3 Qxc5
9.e4 d6 10.Nb3 Qc7 11.Qd2 Nc6 12.Be2 Bd7 13.O-O-O a5 14.Nbd4 Nxd4 15.Nxd4 a4
16.a3 Ra5 17.f4  1/2-1/2

[Event "La Plata"]
[Site "La Plata"]
[Date "1997.??.??"]
[Round "2"]
[White "Garcia Palermo, Carlos"]
[Black "Zarnicki, Pablo"]
[Result "1/2-1/2"]
[WhiteElo "2465"]
[BlackElo "2550"]

1.d4 Nf6 2.Bg5 Ne4 3.Bf4 c5 4.f3 Nf6 5.d5 d6 6.e4 g6 7.c4 Bg7 8.Qd2 b5 9.cxb5 O-O
10.Ne2 a6 11.Nec3 axb5 12.Bxb5 Ba6 13.a4 Bxb5 14.Nxb5 Nbd7 15.Bh6 Bxh6 16.Qxh6 c4
17.N1c3 Qb6 18.Ke2 Nc5 19.Qe3 Rfb8 20.Ra2 Nfd7 21.Nd4 Ne5 22.Rha1 Nb3 23.Rd1 Nxd4+
24.Qxd4 Qxd4 25.Rxd4 Nd3 26.Rxd3 cxd3+ 27.Kxd3 Ra5 28.Kc2 f5 29.exf5 gxf5
30.Ra1 Kf7 31.Rd1 Rb4 32.b3 Ra8 33.g3 h5 34.Nb5 Rc8+ 35.Kb2 Rc5 36.Ka3 Rbxb5
37.axb5 Rxb5 38.b4 e6 39.Ka4 Rb8 40.dxe6+ Kxe6 41.b5 Ra8+ 42.Kb4 Ra2 43.b6 Rxh2
44.Rc1 Rb2+ 45.Ka5 Rb3 46.f4 Kd5 47.Rc7 Rxg3 48.b7 Rb3 49.Ka6 Ke4 50.Rc6 Rxb7
51.Kxb7 Kxf4 52.Rxd6  1/2-1/2

[Event "US-op"]
[Site "Las Vegas"]
[Date "1997.??.??"]
[Round "2"]
[White "Levine, David M"]
[Black "Gurevich, Dmitry"]
[Result "0-1"]
[WhiteElo "2250"]
[BlackElo "2635"]

1.d4 Nf6 2.Bg5 Ne4 3.Bf4 c5 4.d5 Qb6 5.Bc1 e6 6.f3 Nf6 7.c4 exd5 8.cxd5 c4
9.e4 Bc5 10.Nh3 d6 11.Bxc4 Bxh3 12.gxh3 Nbd7 13.Qe2 O-O 14.Nc3 Ne5 15.Bb3 Rfe8
16.Bg5 Nfd7 17.O-O-O h6 18.Bd2 Bd4 19.Nb5 Nxf3 20.Bxh6 Bf6 21.Qxf3 Qxb5 22.Rhg1 Kf8
23.e5 Rxe5 24.Bf4 a5 25.Qd3 Qb4 26.Bd2 Qc5+ 27.Kb1 a4 28.Bc4 a3 29.Rgf1 axb2
30.Bb3 Qa3 31.Rxf6 gxf6 32.Bh6+ Ke7 33.Qb5 Qa5 34.Qf1 Nc5 35.Bg7 Nxb3 36.Bxf6+ Ke8
37.axb3 Qa2+ 38.Kc2 b1=Q+  0-1

[Event "Jaen-ch"]
[Site "Linares"]
[Date "1997.??.??"]
[Round "5"]
[White "Castillo Gallego, Sergio"]
[Black "Torres Moreno, J."]
[Result "1/2-1/2"]
[WhiteElo "2170"]
[BlackElo "2110"]

1.d4 Nf6 2.Bg5 Ne4 3.Bf4 d5 4.f3 Nf6 5.e3 c5 6.c3 Qb6 7.Qb3 Na6 8.Nd2 Bf5
9.g4 Be6 10.Qxb6 axb6 11.Nh3 g6 12.Be5 Bg7 13.Nf4 O-O 14.h4 Ne8 15.Nxe6 fxe6
16.f4 Bxe5 17.fxe5 c4 18.Bg2 Nac7 19.h5 h6 20.hxg6 Kg7 21.Ke2 Kxg6 22.Rh3 Ng7
23.Rah1 Rh8 24.a3 b5 25.Bf3 b4 26.cxb4 c3 27.bxc3 Rxa3 28.Kd3 Nb5 29.Nb1 Ra2
30.e4 Nc7 31.R3h2 Rxh2 32.Rxh2 Ra8 33.Bd1 b5 34.Rf2 dxe4+ 35.Kxe4 Nd5 36.Bc2 Ra2
37.Kd3 h5 38.Kd2+ Kg5 39.Rf7 Ne8 40.gxh5 Kxh5 41.Rf8 Nec7 42.Rg8 Nf4 43.Rb8 Ng2
44.Kc1 Ne1 45.Be4 Kg5 46.Kd1 Kf4 47.Nd2 Ke3 48.Nb3 Kxe4 49.Kxe1 Nd5 50.Rxb5 Ke3
51.Rc5 Rb2 52.Nc1 Nf4 53.Rc8 Nd3+ 54.Kf1 Nxc1 55.Re8 Rf2+ 56.Kg1 Ne2+ 57.Kh1 Ng3+
58.Kg1 Ne2+ 59.Kh1  1/2-1/2

[Event "Linz op"]
[Site "Linz"]
[Date "1997.??.??"]
[Round "2"]
[White "Moser, Guenter"]
[Black "Wiedermann, Franz"]
[Result "1/2-1/2"]
[WhiteElo "2340"]
[BlackElo "2105"]

1.d4 Nf6 2.Bg5 Ne4 3.Bf4 d5 4.Nd2 Nf6 5.Ngf3 Bf5 6.e3 h6 7.Be2 e6 8.O-O Bd6
9.Ne5 O-O 10.c4 Nbd7 11.Rc1 Ne8 12.c5 Bxe5 13.dxe5 c6 14.Qb3 Qc7 15.g4 Bh7
16.Qc3 a5 17.a4 Qd8 18.Bg3 Nc7 19.Nb3 Na6 20.f4 Nb4 21.Qd2 b6 22.h4 bxc5
23.Nxc5 Nxc5 24.Rxc5 Qb6 25.Rfc1 Be4 26.b3 Rfc8 27.Be1 Rab8 28.Bb5 Nc2 29.Qc3 Nxe1
30.Rxe1 Qd8 31.Bd3 Bxd3 32.Qxd3 Qxh4 33.Re2 Qg3+ 34.Rg2 Qe1+ 35.Kh2 Qh4+
36.Kg1 Qe1+ 37.Kh2  1/2-1/2

[Event "Lisboa Honor"]
[Site "Lisboa"]
[Date "1997.??.??"]
[Round "2"]
[White "Dantas, Carlos"]
[Black "Morais, Vitor"]
[Result "1-0"]
[WhiteElo "2165"]
[BlackElo "2180"]

1.d4 Nf6 2.Bg5 Ne4 3.Bf4 d5 4.Nd2 f5 5.Ngf3 e6 6.e3 Be7 7.h4 Nd7 8.Bd3 Ndf6
9.Bxe4 fxe4 10.Ne5 O-O 11.h5 Nd7 12.Qg4 Nxe5 13.dxe5 c5 14.O-O-O Qe8 15.f3 exf3
16.gxf3 Rf7 17.Rdg1 Kh8 18.Bg5 Bxg5 19.Qxg5 Bd7 20.f4 Bc6 21.Rh3 Rd8 22.Qg4 b5
23.Nf3 Qd7 24.Ng5 Re7 25.Nxh7 Kxh7 26.Qg6+ Kg8 27.h6 Qe8 28.Qf6 Rdd7 29.Rhg3 Qf8
30.Qxf8+ Kxf8 31.h7  1-0

[Event "Lilie op"]
[Site "Litomysl"]
[Date "1997.??.??"]
[Round "5"]
[White "Sabol, Marian"]
[Black "Plachetka, Jan"]
[Result "0-1"]
[WhiteElo "2235"]
[BlackElo "2445"]

1.d4 Nf6 2.Bg5 Ne4 3.Bh4 c5 4.f3 Nf6 5.dxc5 e6 6.b4 a5 7.e4 Nc6 8.b5 Ne5
9.Bg3 d6 10.Qd4 Nh5 11.Bf2 Qc7 12.b6 Qxc5 13.Qd2 Qb4 14.Nc3 Nc4 15.Qd4 Na3
16.Bd3 Nf4 17.Ne2 Qxd4 18.Nxd4 Bd7 19.O-O Rc8 20.Nce2 Nxe2+ 21.Bxe2 Be7 22.Rad1 O-O
23.Nb3 a4 24.Na5 Rxc2 25.Bd3 Rxa2 26.Ra1 Rxa1 27.Rxa1 Nb5 28.Rb1 Nc3 29.Rc1 Rc8
30.Kf1 a3 31.Bd4 a2 32.Bc4 Nb1 33.Rc2 Na3 34.Rxa2 Nxc4 35.Nxb7 Rb8 36.Ra7 e5
37.Na5 Nxa5 38.Rxd7 exd4 39.Rxe7 Kf8  0-1

[Event "Ljubljana"]
[Site "Ljubljana"]
[Date "1997.??.??"]
[Round "7"]
[White "Efimov, Igor"]
[Black "Peptan, Corina"]
[Result "0-1"]
[WhiteElo "2530"]
[BlackElo "2425"]

1.d4 Nf6 2.Bg5 Ne4 3.Bf4 c5 4.f3 Nf6 5.dxc5 Na6 6.Nc3 Nxc5 7.e4 d6 8.Qd2 Ne6
9.Be3 g6 10.O-O-O Bd7 11.g4 Qa5 12.h4 O-O-O 13.Qf2 Nc5 14.e5 Ne8 15.Bc4 Bg7
16.Nd5 Bxe5 17.Kb1 e6 18.Bd2 Qa4 19.b3 Qa3 20.Nc3 d5 21.Bxd5 exd5 22.Bc1 Qa5
23.Rxd5 Na4 24.Nge2 Qxc3 25.Rxe5 Qxe5 26.Qxa7 Nc7 27.bxa4 Qxe2 28.Qc5 Bc6
29.Kb2 Rhe8 30.h5 Qe5+ 31.Qxe5 Rxe5 32.Rh3 gxh5 33.g5 Ne6 34.Rxh5 Bxf3 35.Rxh7 Rf5
36.Be3 Nxg5 37.Rh6 Ne6 38.Bb6 Rg8 39.a5 Bc6 40.Rh4 Nc7  0-1

[Event "London2"]
[Site "London"]
[Date "1997.??.??"]
[Round "5"]
[White "Houska, Miroslav"]
[Black "Gullaksen, Eirik T"]
[Result "0-1"]
[WhiteElo "2260"]
[BlackElo "2325"]

1.d4 Nf6 2.Bg5 Ne4 3.Bf4 c5 4.f3 Qa5+ 5.c3 Nf6 6.d5 Qb6 7.b3 e6 8.e4 exd5
9.exd5 Bd6 10.Be3 O-O 11.Na3 Re8 12.Nc4 Qc7 13.Kf2 Bf8 14.a4 d6 15.Ne2 Nbd7
16.Ng3 b6 17.Bc1 g6 18.Be2 Bb7 19.Ne3 Bg7 20.Ra2 Rxe3 21.Bxe3 Nxd5 22.Ne4 Bxc3
23.Bh6 Bd4+ 24.Kg3 N7f6 25.Nxf6+ Nxf6 26.Kh3 d5 27.g3 Be5 28.Kg2 d4 29.Bd3 Nd5
30.Qe1 Nb4 31.Rd2 Nxd3 32.Rxd3 f6 33.Bc1 Kf7 34.Qd1 a6 35.Re1 b5 36.Qd2 Rd8
37.Ba3 g5 38.Rc1 c4 39.bxc4 bxc4 40.Qb4 Bd5 41.Kg1 Rb8 42.Qe1 Qb6 43.f4 gxf4
44.gxf4 cxd3 45.fxe5 Rg8+ 46.Kf1 d2 47.Qxd2 fxe5 48.Qf2+ Qf6 49.Rc7+ Kg6
50.Qxf6+ Kxf6 51.Rxh7 Rb8 52.Ke2 Bc4+ 53.Kd2 Rg8 54.Bc5 Rg2+ 55.Ke1 Ke6 56.a5 Kd5
57.Bb6 Bb5 58.Rh8 Re2+ 59.Kd1 d3 60.Rd8+ Ke4 61.h4 Ba4+ 62.Kc1 Rc2+ 63.Kd1 Rh2+
64.Ke1 Bb3 65.Bf2 d2+ 66.Kxd2 Rxf2+ 67.Kc3 Ba4 68.h5 Rh2 69.Rh8 Ke3 70.h6 e4
71.h7 Bb5 72.Kb4 Bd3 73.Kc3 Ke2 74.Kd4 e3 75.Rb8 Rh4+ 76.Kc3 Bxh7 77.Rb6 Kf3
78.Rxa6 e2 79.Rf6+ Ke3 80.Re6+ Re4  0-1

[Event "CUB-ch"]
[Site "Matanzas"]
[Date "1997.??.??"]
[Round "13"]
[White "Larduet, Carlos"]
[Black "Vazquez, Renier"]
[Result "1-0"]
[WhiteElo "2310"]
[BlackElo "2260"]

1.d4 Nf6 2.Bg5 Ne4 3.Bf4 c5 4.d5 g6 5.Nd2 Nf6 6.e4 d6 7.Ngf3 Bg7 8.c3 O-O
9.h3 e6 10.dxe6 Bxe6 11.Be2 Nc6 12.O-O Nh5 13.Bg5 Bf6 14.Be3 Qb6 15.Qc1 Rac8
16.Ne1 Ng7 17.Nd3 Nd4 18.Bd1 Qa6 19.Nf4 Rfd8 20.Qb1 g5 21.Nd5 Bxd5 22.exd5 Ndf5
23.Bg4  1-0

[Event "CRO-chT"]
[Site "Medulin"]
[Date "1997.??.??"]
[Round "?"]
[White "Brumen, Dinko"]
[Black "Zelcic, Robert"]
[Result "0-1"]
[WhiteElo "2335"]
[BlackElo "2455"]

1.d4 Nf6 2.Bg5 Ne4 3.Bf4 c5 4.f3 Qa5+ 5.c3 Nf6 6.Nd2 cxd4 7.Nb3 Qf5 8.Bxb8 Rxb8
9.Qxd4 b6 10.e4 Qf4 11.Ne2 Qc7 12.e5 Ng8 13.Ng3 f6 14.f4 g6 15.O-O-O fxe5
16.fxe5 Bg7 17.Re1 Nh6 18.Qh4 e6 19.Nd4 O-O 20.Bd3 Bb7 21.Nb5 Qd8 22.Qd4 Qg5+
23.Kb1 Nf7 24.Qxd7 Rfd8 25.Qxe6 Rxd3 26.Qc4 Rd2 27.e6 Ne5 28.Qc7 Qd8 29.e7 Qd3+
30.Ka1 Re8 31.Nd4 Bd5 32.Qd6 Bf7 33.Ne4 Rxb2  0-1